• 首页
  • 本馆介绍
  • 公告通知
  • 最新文献
  • 馆藏检索
  • 电子资源
  • 读者导购
  • 参考咨询
  • 我的图书馆
  • 登录
  • 详细信息显示
  • 放入我的书架
  • 预约/预借图书
  • 作者相关作品
  • 分类相关作品
  • 丛书相关作品
  • 出版社相关作品

书目信息

  • 表格格式
  • 工作单格式
  • 卡片格式
题名:
人类心灵的故事
    
 
作者: 汉弗莱 著 ;王国芳 , 郭本禹 译
分册:  
出版信息: 南京   江苏人民出版社  2010
页数: 240页
开本: 23cm
丛书名: 野骆驼译丛
单 册:
中图分类: B84-49 , B84
科图分类:
主题词: 心理学 , 心理学--通俗读物 , 心理学
电子资源:
ISBN: 978-7-214-02504-3
000 01099nam0 2200313 450
001 1255353140
005 20120928152837.84
010    @a978-7-214-02504-3@dCNY14.00
100    @a20100813d2010 em y0chiy50 ea
101 1  @achi@ceng
102    @aCN@b320000
105    @aa z 000yy
106    @ar
200 1  @a人类心灵的故事@dThe story of man's mind@f(英)乔治·汉弗莱(George Humphrey)著@g郭本禹,王国芳译@zeng@Aren lei xin ling de gu shi
210    @a南京@c江苏人民出版社@d2010
215    @a240页@c图@d23cm
225 1  @a野骆驼译丛
330    @a本书作者用类似讲故事的形式阐述了三大块内容,即行为、经验和人格。阐释了一系列心理学知识,试图揭开人类心灵或意识的斯芬克司之谜。
510 1  @aStory of man's mind@zeng
606 0  @a心理学
606 0  @a心理学@j通俗读物
606 0  @a心理学
690    @aB84-49@v4
690    @aB84@v4
701  0 @c(英)@a汉弗莱@c(Humphrey, George@f1889~1966)@4著@Ahan fu lai
702  0 @a王国芳@c(女,@f1968~)@4译@Awang guo fang
702  0 @a郭本禹@f(1964~)@4译@Aguo ben yu
801  0 @aCN@bJL@c20100721
905    @a10447@dB84@eJY69
    
    人类心灵的故事=The story of man's mind/(英)乔治·汉弗莱(George Humphrey)著/郭本禹,王国芳译.-南京:江苏人民出版社,2010
    240页:图;23cm .-(野骆驼译丛 )
    
    
    ISBN 978-7-214-02504-3:CNY14.00
    本书作者用类似讲故事的形式阐述了三大块内容,即行为、经验和人格。阐释了一系列心理学知识,试图揭开人类心灵或意识的斯芬克司之谜。
●
相关链接 在E读中查询图书 在五车中查询图书 在当当中查询图书 在豆瓣中查询图书


正题名:人类心灵的故事     索取号:B84/JY69         预约/预借

序号 登录号 条形码 馆藏地/架位号 状态 备注
1 7830229   278302294   学院路分馆/ [索取号:B84/JY69] 在馆    
2 7830230   278302301   学院路分馆/ [索取号:B84/JY69] 在馆    
3 7830231   278302310   学院路分馆/ [索取号:B84/JY69] 在馆    
4 7830232   278302329   学院路分馆/ [索取号:B84/JY69] 在馆    
唐山师范学院图书馆 欢迎您!
大连网信软件有限公司© 版权所有